000 00666nam a2200229Ia 4500
003 OSt
005 20221006164606.0
006 a|||||r|||| 00| 0
007 ta
008 221006b |||||||| |||| 00| 0 hin d
024 _a5,807
037 _cTextual
040 _aFML
_cFML
_bhin
041 _2hin
_ahin
082 _aQ2221:51:g, L7
100 _aSharma Shakuntala Au.
_9677847
245 0 _aPushtimargiya Vachanamrit - Sahityak Tatvik Vivechan Evam Anusheelan
260 _aNew Delhi
_bRishabh Charan Jain India
_c1977
300 _a353
_ccm.
942 _hQ2221:51:g, L7
_cTEXL
_2CC
999 _c1117779
_d1117779